The Community Infrastructure Levy (Record no. 108613)
[ view plain ]
| 000 -LEADER | |
|---|---|
| fixed length control field | 01506cad a22002535a 4500 |
| 001 - CONTROL NUMBER | |
| control field | L144770 |
| 008 - FIXED-LENGTH DATA ELEMENTS--GENERAL INFORMATION | |
| fixed length control field | 080811e20080805xxkado f s f000 0 eng d |
| 020 ## - INTERNATIONAL STANDARD BOOK NUMBER | |
| International Standard Book Number | 9781409803133 |
| 035 ## - SYSTEM CONTROL NUMBER | |
| System control number | (Sirsi) u144770 |
| 041 0# - LANGUAGE CODE | |
| Language code of text/sound track or separate title | eng |
| 050 04 - LIBRARY OF CONGRESS CALL NUMBER | |
| Classification number | 711.3 $2 18 |
| 110 2# - MAIN ENTRY--CORPORATE NAME | |
| Corporate name or jurisdiction name as entry element | United Kingdom |
| Subordinate unit | Department for Communities and Local Government |
| 9 (RLIN) | 4939 |
| 245 04 - TITLE STATEMENT | |
| Title | The Community Infrastructure Levy |
| Medium | [electronic resource] |
| 260 ## - PUBLICATION, DISTRIBUTION, ETC. | |
| Place of publication, distribution, etc. | London |
| Name of publisher, distributor, etc. | DCLG |
| Date of publication, distribution, etc. | 2008 |
| 505 2# - FORMATTED CONTENTS NOTE | |
| Formatted contents note | Spending CIL -- Infrastructure delivery -- Setting CIL -- Paying CIL -- Planning obligations -- Implementation: introduction; timing and transitional arrangements; skills and capacity; implementing CIL efficiently; review of CIL -- Wales |
| 520 ## - SUMMARY, ETC. | |
| Summary, etc. | Looks at the forthcoming Community Infrastructure Levy, which local authorities will be empowered to charge on any new developments in their area. Charges will be based on a formula that will relate the size of any charge to the size and character of the development for which it is being paid. Proceeds from the levy will be used to support local infrastructure development. |
| 521 ## - TARGET AUDIENCE NOTE | |
| Target audience note | Advanced |
| 590 ## - LOCAL NOTE (RLIN) | |
| Local note | KA NTK |
| 650 24 - SUBJECT ADDED ENTRY--TOPICAL TERM | |
| Topical term or geographic name entry element | COMMUNITY INFRASTRUCTURE LEVY |
| 651 #4 - SUBJECT ADDED ENTRY--GEOGRAPHIC NAME | |
| Geographic name | England and Wales |
| Chronological subdivision | 1543- |
| 690 ## - LOCAL SUBJECT ADDED ENTRY--TOPICAL TERM (OCLC, RLIN) | |
| Topical term or geographic name as entry element | Planning and development |
| 9 (RLIN) | 6259 |
| 856 40 - ELECTRONIC LOCATION AND ACCESS | |
| Uniform Resource Identifier | <a href="https://webarchive.nationalarchives.gov.uk/20090804171000/http://www.communities.gov.uk/documents/planningandbuilding/pdf/communityinfrastructurelevy.pdf">https://webarchive.nationalarchives.gov.uk/20090804171000/http://www.communities.gov.uk/documents/planningandbuilding/pdf/communityinfrastructurelevy.pdf</a> |
| Public note | View the item free of charge at www.communities.gov.uk |
| 942 ## - ADDED ENTRY ELEMENTS (KOHA) | |
| Suppress in OPAC | 0 |
| Withdrawn status | Lost status | Source of classification or shelving scheme | Damaged status | Not for loan | Home library | Current library | Shelving location | Date acquired | Total Checkouts | Full call number | Barcode | Date last seen | Copy number | Price effective from | Koha item type |
|---|---|---|---|---|---|---|---|---|---|---|---|---|---|---|---|
| Dewey Decimal Classification | Virtual | Virtual | Online | 11/08/2008 | WEBSITE | 144770-1001 | 06/08/2019 | 1 | 06/08/2019 | Online material |